<?xml version="1.0" encoding="UTF-8"?><marc:collection xmlns:marc="http://www.loc.gov/MARC21/slim">
  <marc:record>
    <marc:leader>04788nas a2200769 c 4500</marc:leader>
    <marc:controlfield tag="001">01005300X</marc:controlfield>
    <marc:controlfield tag="003">DE-101</marc:controlfield>
    <marc:controlfield tag="005">20250507210341.0</marc:controlfield>
    <marc:controlfield tag="007">tu</marc:controlfield>
    <marc:controlfield tag="007">hu uuu000uuau</marc:controlfield>
    <marc:controlfield tag="008">991118d19001963xx z||p   ||| 0||||1ger c</marc:controlfield>
    <marc:datafield tag="016" ind1="7" ind2=" ">
      <marc:subfield code="2">DE-600</marc:subfield>
      <marc:subfield code="a">3527-0</marc:subfield>
    </marc:datafield>
    <marc:datafield tag="016" ind1="7" ind2=" ">
      <marc:subfield code="2">DE-101</marc:subfield>
      <marc:subfield code="a">01005300X</marc:subfield>
    </marc:datafield>
    <marc:datafield tag="035" ind1=" " ind2=" ">
      <marc:subfield code="a">(DE-599)ZDB3527-0</marc:subfield>
    </marc:datafield>
    <marc:datafield tag="035" ind1=" " ind2=" ">
      <marc:subfield code="a">(OCoLC)1367282395</marc:subfield>
    </marc:datafield>
    <marc:datafield tag="040" ind1=" " ind2=" ">
      <marc:subfield code="a">9001</marc:subfield>
      <marc:subfield code="b">ger</marc:subfield>
      <marc:subfield code="c">DE-101</marc:subfield>
      <marc:subfield code="d">9999</marc:subfield>
    </marc:datafield>
    <marc:datafield tag="041" ind1=" " ind2=" ">
      <marc:subfield code="a">ger</marc:subfield>
    </marc:datafield>
    <marc:datafield tag="042" ind1=" " ind2=" ">
      <marc:subfield code="a">zdb</marc:subfield>
    </marc:datafield>
    <marc:datafield tag="044" ind1=" " ind2=" ">
      <marc:subfield code="c">XA-DXDE</marc:subfield>
      <marc:subfield code="c">XA-DE</marc:subfield>
    </marc:datafield>
    <marc:datafield tag="082" ind1="7" ind2="4">
      <marc:subfield code="a">630</marc:subfield>
      <marc:subfield code="a">640</marc:subfield>
      <marc:subfield code="a">610</marc:subfield>
      <marc:subfield code="q">DE-600</marc:subfield>
      <marc:subfield code="2">22sdnb</marc:subfield>
    </marc:datafield>
    <marc:datafield tag="090" ind1=" " ind2=" ">
      <marc:subfield code="n">sm</marc:subfield>
    </marc:datafield>
    <marc:datafield tag="245" ind1="0" ind2="0">
      <marc:subfield code="a">Ärztliche Mitteilungen</marc:subfield>
      <marc:subfield code="b">deutsches Ärzteblatt</marc:subfield>
      <marc:subfield code="c">Hrsg.: Bundesärztekammer u. Kassenärztliche Bundesvereinigung, Köln</marc:subfield>
    </marc:datafield>
    <marc:datafield tag="246" ind1="3" ind2=" ">
      <marc:subfield code="a">Ärztliche Mitteilungen / Novitätenanzeigen im Umschlag</marc:subfield>
    </marc:datafield>
    <marc:datafield tag="246" ind1="3" ind2=" ">
      <marc:subfield code="a">Deutsches Ärzteblatt</marc:subfield>
    </marc:datafield>
    <marc:datafield tag="247" ind1="0" ind2="0">
      <marc:subfield code="a">Ärztliche Mitteilungen nebst Anzeiger</marc:subfield>
      <marc:subfield code="f">Hauptsacht. teils</marc:subfield>
    </marc:datafield>
    <marc:datafield tag="247" ind1="0" ind2="0">
      <marc:subfield code="a">Ärztliche Mitteilungen nebst Anzeiger und wissenschaftlicher Beilage</marc:subfield>
      <marc:subfield code="f">Hauptsacht. teils</marc:subfield>
    </marc:datafield>
    <marc:datafield tag="247" ind1="0" ind2="0">
      <marc:subfield code="a">Straßburger ärztliche Mitteilungen</marc:subfield>
      <marc:subfield code="f">Hauptsacht. teils</marc:subfield>
    </marc:datafield>
    <marc:datafield tag="264" ind1="3" ind2="1">
      <marc:subfield code="a">Köln</marc:subfield>
      <marc:subfield code="a">Berlin</marc:subfield>
      <marc:subfield code="b">Deutscher Ärzte-Verl.</marc:subfield>
      <marc:subfield code="c">1900-1963</marc:subfield>
    </marc:datafield>
    <marc:datafield tag="264" ind1="2" ind2="1">
      <marc:subfield code="3">1933</marc:subfield>
      <marc:subfield code="a">Leipzig</marc:subfield>
      <marc:subfield code="b">Verband d. Ärzte Deutschlands</marc:subfield>
    </marc:datafield>
    <marc:datafield tag="264" ind1="2" ind2="1">
      <marc:subfield code="3">1949</marc:subfield>
      <marc:subfield code="a">Stuttgart</marc:subfield>
      <marc:subfield code="b">Enke</marc:subfield>
    </marc:datafield>
    <marc:datafield tag="264" ind1="2" ind2="1">
      <marc:subfield code="3">1949-1951</marc:subfield>
      <marc:subfield code="a">Gießen</marc:subfield>
      <marc:subfield code="b">Ärzte-Verl.</marc:subfield>
    </marc:datafield>
    <marc:datafield tag="264" ind1="2" ind2="1">
      <marc:subfield code="3">1951-1955</marc:subfield>
      <marc:subfield code="a">Köln</marc:subfield>
      <marc:subfield code="b">Ärzte-Verl.</marc:subfield>
    </marc:datafield>
    <marc:datafield tag="336" ind1=" " ind2=" ">
      <marc:subfield code="a">Text</marc:subfield>
      <marc:subfield code="b">txt</marc:subfield>
      <marc:subfield code="2">rdacontent</marc:subfield>
    </marc:datafield>
    <marc:datafield tag="337" ind1=" " ind2=" ">
      <marc:subfield code="a">ohne Hilfsmittel zu benutzen</marc:subfield>
      <marc:subfield code="b">n</marc:subfield>
      <marc:subfield code="2">rdamedia</marc:subfield>
    </marc:datafield>
    <marc:datafield tag="337" ind1=" " ind2=" ">
      <marc:subfield code="a">Mikroform</marc:subfield>
      <marc:subfield code="b">h</marc:subfield>
      <marc:subfield code="2">rdamedia</marc:subfield>
    </marc:datafield>
    <marc:datafield tag="338" ind1=" " ind2=" ">
      <marc:subfield code="a">Band</marc:subfield>
      <marc:subfield code="b">nc</marc:subfield>
      <marc:subfield code="2">rdacarrier</marc:subfield>
    </marc:datafield>
    <marc:datafield tag="338" ind1=" " ind2=" ">
      <marc:subfield code="a">Mikrofiche</marc:subfield>
      <marc:subfield code="b">he</marc:subfield>
      <marc:subfield code="2">rdacarrier</marc:subfield>
    </marc:datafield>
    <marc:datafield tag="362" ind1="0" ind2=" ">
      <marc:subfield code="a">1.1900[?] - 34.1933,Juni; [N.F.] 34.1949,Mai - 46.1961; 47/59.1962 - 60.1963</marc:subfield>
    </marc:datafield>
    <marc:datafield tag="363" ind1="0" ind2="0">
      <marc:subfield code="8">1.1\x</marc:subfield>
      <marc:subfield code="a">1</marc:subfield>
      <marc:subfield code="i">1900</marc:subfield>
    </marc:datafield>
    <marc:datafield tag="363" ind1="1" ind2="0">
      <marc:subfield code="8">1.2\x</marc:subfield>
      <marc:subfield code="a">34</marc:subfield>
      <marc:subfield code="i">1933</marc:subfield>
    </marc:datafield>
    <marc:datafield tag="363" ind1="0" ind2="0">
      <marc:subfield code="8">2.1\x</marc:subfield>
      <marc:subfield code="a">34</marc:subfield>
      <marc:subfield code="i">1949</marc:subfield>
    </marc:datafield>
    <marc:datafield tag="363" ind1="1" ind2="0">
      <marc:subfield code="8">2.2\x</marc:subfield>
      <marc:subfield code="a">46</marc:subfield>
      <marc:subfield code="i">1961</marc:subfield>
    </marc:datafield>
    <marc:datafield tag="363" ind1="0" ind2="0">
      <marc:subfield code="8">3.1\x</marc:subfield>
      <marc:subfield code="a">47/59</marc:subfield>
      <marc:subfield code="i">1962</marc:subfield>
    </marc:datafield>
    <marc:datafield tag="363" ind1="1" ind2="0">
      <marc:subfield code="8">3.2\x</marc:subfield>
      <marc:subfield code="a">60</marc:subfield>
      <marc:subfield code="i">1963</marc:subfield>
    </marc:datafield>
    <marc:datafield tag="500" ind1=" " ind2=" ">
      <marc:subfield code="a">Zusatz wechselt</marc:subfield>
    </marc:datafield>
    <marc:datafield tag="501" ind1=" " ind2=" ">
      <marc:subfield code="a">Ungezählte Beil.: Novitätenanzeigen im Umschlag</marc:subfield>
    </marc:datafield>
    <marc:datafield tag="530" ind1=" " ind2=" ">
      <marc:subfield code="a">Mikrofiche-Ausg.: Berlin : Staatsbibliothek zu Berlin</marc:subfield>
    </marc:datafield>
    <marc:datafield tag="533" ind1=" " ind2=" ">
      <marc:subfield code="a">Mikrofiche-Ausg.</marc:subfield>
      <marc:subfield code="b">Berlin</marc:subfield>
      <marc:subfield code="c">Staatsbibliothek  zu Berlin</marc:subfield>
    </marc:datafield>
    <marc:datafield tag="550" ind1=" " ind2=" ">
      <marc:subfield code="a">Hrsg. wechselt</marc:subfield>
    </marc:datafield>
    <marc:datafield tag="583" ind1="1" ind2=" ">
      <marc:subfield code="a">Archivierung/Langzeitarchivierung gewährleistet</marc:subfield>
      <marc:subfield code="c">2020</marc:subfield>
      <marc:subfield code="f">PENW</marc:subfield>
      <marc:subfield code="5">DE-5</marc:subfield>
      <marc:subfield code="2">pdager</marc:subfield>
    </marc:datafield>
    <marc:datafield tag="655" ind1=" " ind2="7">
      <marc:subfield code="0">(DE-588)4067488-5</marc:subfield>
      <marc:subfield code="0">https://d-nb.info/gnd/4067488-5</marc:subfield>
      <marc:subfield code="0">(DE-101)040674886</marc:subfield>
      <marc:subfield code="a">Zeitschrift</marc:subfield>
      <marc:subfield code="2">gnd-content</marc:subfield>
    </marc:datafield>
    <marc:datafield tag="710" ind1="2" ind2=" ">
      <marc:subfield code="0">(DE-588)2006347-7</marc:subfield>
      <marc:subfield code="0">https://d-nb.info/gnd/2006347-7</marc:subfield>
      <marc:subfield code="0">(DE-101)004664841</marc:subfield>
      <marc:subfield code="a">Bundesärztekammer</marc:subfield>
      <marc:subfield code="e">Herausgebendes Organ</marc:subfield>
      <marc:subfield code="4">isb</marc:subfield>
      <marc:subfield code="2">gnd</marc:subfield>
    </marc:datafield>
    <marc:datafield tag="710" ind1="2" ind2=" ">
      <marc:subfield code="0">(DE-588)25901-9</marc:subfield>
      <marc:subfield code="0">https://d-nb.info/gnd/25901-9</marc:subfield>
      <marc:subfield code="0">(DE-101)000259012</marc:subfield>
      <marc:subfield code="a">Kassenärztliche Bundesvereinigung</marc:subfield>
      <marc:subfield code="e">Herausgebendes Organ</marc:subfield>
      <marc:subfield code="4">isb</marc:subfield>
      <marc:subfield code="2">gnd</marc:subfield>
    </marc:datafield>
    <marc:datafield tag="770" ind1="0" ind2="8">
      <marc:subfield code="i">Supplement</marc:subfield>
      <marc:subfield code="t">&#152;Das&#156; Hörrohr</marc:subfield>
      <marc:subfield code="d">Leipzig : [Verlag nicht ermittelbar], 1927-1933</marc:subfield>
      <marc:subfield code="w">(DE-600)505361-4</marc:subfield>
      <marc:subfield code="w">(DE-101)012650919</marc:subfield>
    </marc:datafield>
    <marc:datafield tag="770" ind1="0" ind2="8">
      <marc:subfield code="i">Supplement</marc:subfield>
      <marc:subfield code="t">Gesundheitslehrer</marc:subfield>
      <marc:subfield code="d">Berlin : [Verlag nicht ermittelbar], 1898-1934</marc:subfield>
      <marc:subfield code="w">(DE-600)216953-8</marc:subfield>
      <marc:subfield code="w">(DE-101)011273755</marc:subfield>
    </marc:datafield>
    <marc:datafield tag="770" ind1="0" ind2="8">
      <marc:subfield code="i">Supplement</marc:subfield>
      <marc:subfield code="t">Lederle-Berichte aus aller Welt</marc:subfield>
      <marc:subfield code="d">Köln : Deutscher Ärzte-Verl., 1956-</marc:subfield>
      <marc:subfield code="w">(DE-600)505367-5</marc:subfield>
      <marc:subfield code="w">(DE-101)012650978</marc:subfield>
    </marc:datafield>
    <marc:datafield tag="770" ind1="0" ind2="8">
      <marc:subfield code="i">Supplement</marc:subfield>
      <marc:subfield code="t">Du und die Welt</marc:subfield>
      <marc:subfield code="d">Köln : Dt. Ärzteverl., 1950-1972</marc:subfield>
      <marc:subfield code="x">0012-6845</marc:subfield>
      <marc:subfield code="w">(DE-600)124211-8</marc:subfield>
      <marc:subfield code="w">(DE-101)010698752</marc:subfield>
    </marc:datafield>
    <marc:datafield tag="770" ind1="0" ind2="8">
      <marc:subfield code="i">Supplement</marc:subfield>
      <marc:subfield code="t">Medizinische Zeitschriftenbibliographie</marc:subfield>
      <marc:subfield code="d">Köln ; Berlin : Dt. Ärzteverl., 1963-1966</marc:subfield>
      <marc:subfield code="w">(DE-600)600454-4</marc:subfield>
      <marc:subfield code="w">(DE-101)013445928</marc:subfield>
    </marc:datafield>
    <marc:datafield tag="770" ind1="0" ind2="8">
      <marc:subfield code="i">Supplement</marc:subfield>
      <marc:subfield code="n">46.1961 darin</marc:subfield>
      <marc:subfield code="a">Bundesärztekammer</marc:subfield>
      <marc:subfield code="t">Tätigkeitsbericht der Bundesärztekammer</marc:subfield>
      <marc:subfield code="d">Köln ; Berlin : Dt. Ärzte-Verl., 1958-1969</marc:subfield>
      <marc:subfield code="w">(DE-600)506193-3</marc:subfield>
      <marc:subfield code="w">(DE-101)012658235</marc:subfield>
    </marc:datafield>
    <marc:datafield tag="770" ind1="0" ind2="8">
      <marc:subfield code="i">Supplement</marc:subfield>
      <marc:subfield code="n">43.1958 - 60.1963 darin</marc:subfield>
      <marc:subfield code="a">Kassenärztliche Bundesvereinigung</marc:subfield>
      <marc:subfield code="t">Tätigkeitsbericht der Kassenärztlichen Bundesvereinigung</marc:subfield>
      <marc:subfield code="d">Köln : Dt. Ärzte-Verl., 1957-2004</marc:subfield>
      <marc:subfield code="x">0451-4882</marc:subfield>
      <marc:subfield code="w">(DE-600)509983-3</marc:subfield>
      <marc:subfield code="w">(DE-101)012676470</marc:subfield>
    </marc:datafield>
    <marc:datafield tag="770" ind1="0" ind2="8">
      <marc:subfield code="i">Supplement</marc:subfield>
      <marc:subfield code="n">Teils darin</marc:subfield>
      <marc:subfield code="a">Deutscher Ärztetag</marc:subfield>
      <marc:subfield code="t">Wortbericht des ... Deutschen Ärztetages</marc:subfield>
      <marc:subfield code="d">Köln ; Berlin : Deutscher Ärzte-Verl., 1954-1974</marc:subfield>
      <marc:subfield code="x">0720-6224</marc:subfield>
      <marc:subfield code="w">(DE-600)5713-7</marc:subfield>
      <marc:subfield code="w">(DE-101)010079831</marc:subfield>
    </marc:datafield>
    <marc:datafield tag="770" ind1="0" ind2="8">
      <marc:subfield code="i">Supplement</marc:subfield>
      <marc:subfield code="n">27.1926 Beil.</marc:subfield>
      <marc:subfield code="a">Deutsche Gesellschaft zur Bekämpfung der Geschlechtskrankheiten</marc:subfield>
      <marc:subfield code="t">Mitteilungen der Deutschen Gesellschaft zur Bekämpfung der Geschlechtskrankheiten</marc:subfield>
      <marc:subfield code="d">Berlin : Geschäftsstelle, 1903-1934</marc:subfield>
      <marc:subfield code="w">(DE-600)501263-6</marc:subfield>
      <marc:subfield code="w">(DE-101)012615412</marc:subfield>
    </marc:datafield>
    <marc:datafield tag="785" ind1="0" ind2="8">
      <marc:subfield code="i">1933 - 1943 aufgeg. in</marc:subfield>
      <marc:subfield code="t">Deutsches Ärzteblatt &lt;Berlin&gt;</marc:subfield>
      <marc:subfield code="d">Berlin : Reichsgesundheitsverl., 1930-1945</marc:subfield>
      <marc:subfield code="w">(DE-600)124218-0</marc:subfield>
      <marc:subfield code="w">(DE-101)010698809</marc:subfield>
    </marc:datafield>
    <marc:datafield tag="785" ind1="0" ind2="0">
      <marc:subfield code="i">Forts.:</marc:subfield>
      <marc:subfield code="t">Deutsches Ärzteblatt &lt;Köln&gt;</marc:subfield>
      <marc:subfield code="d">Köln : Dt. Ärzte-Verl., 1964-1972</marc:subfield>
      <marc:subfield code="w">(DE-600)124216-7</marc:subfield>
      <marc:subfield code="w">(DE-101)010698795</marc:subfield>
    </marc:datafield>
    <marc:datafield tag="787" ind1="0" ind2="8">
      <marc:subfield code="i">28,25=47; 30,25=48; 31,25=49; 32,24=50 von </marc:subfield>
      <marc:subfield code="a">Deutscher Ärztetag</marc:subfield>
      <marc:subfield code="t">Deutscher Ärztetag</marc:subfield>
      <marc:subfield code="d">Frankfurt, M. : [Verlag nicht ermittelbar], 1928-1954</marc:subfield>
      <marc:subfield code="w">(DE-600)2048473-2</marc:subfield>
      <marc:subfield code="w">(DE-101)021875200</marc:subfield>
    </marc:datafield>
    <marc:datafield tag="787" ind1="0" ind2="8">
      <marc:subfield code="i">28,25=25; 30,25=26; 31,25=27; 32,24=29 von </marc:subfield>
      <marc:subfield code="a">Verband der Ärzte Deutschlands</marc:subfield>
      <marc:subfield code="t">Hauptversammlung des Hartmannbundes</marc:subfield>
      <marc:subfield code="d">Leipzig : Bund, 1928-1932</marc:subfield>
      <marc:subfield code="w">(DE-600)803678-0</marc:subfield>
      <marc:subfield code="w">(DE-101)014462214</marc:subfield>
    </marc:datafield>
    <marc:datafield tag="850" ind1=" " ind2=" ">
      <marc:subfield code="a">DE-101a</marc:subfield>
      <marc:subfield code="a">DE-101b</marc:subfield>
    </marc:datafield>
  </marc:record>
</marc:collection>
